000 01516cad a22002295a 4500
001 L141341
008 071116s2007 xxk f f000 0 eng d
035 _a(Sirsi) u141341
041 0 _aeng
050 0 4 _a352.14 $2 18
110 1 _aUnited Kingdom
_kLaws, etc
_95044
245 0 0 _aGreater London Authority Act 2007
_bchapter 24
_h[electronic resource]
260 _aLondon
_bOPSI
_c2007
505 2 _aGeneral functions of the authority -- Transport -- The London Development Agency -- Health -- The London Fire and Emergency Planning Authority -- Housing -- Planning -- Environmental functions -- Culture, media and sport -- Miscellaneous and general -- Supplementary provisions
520 _aMakes provision for the functions of the Greater London Authority (GLA) and details the duties and powers of the London Mayor. Sets out the London housing and spatial development strategies, as well as development control and local development schemes. Describes the environmental functions of the GLA and policies relating to transport. Also covers healthcare and culture, media and sport. Details allowances to the London Development Agency and the London Fire and Emergency Planning Authority.
590 _aKA
650 2 4 _aGREATER LONDON AUTHORITY ACT 2007
651 4 _aLondon
690 _aENVIRONMENTAL AND LAND CONSULTANCY-PLANNING AND DEVELOPMENT-STRATEGIC PLANNING
856 4 0 _uhttps://www.opsi.gov.uk/acts/acts2007/ukpga_20070024_en_5
_zView the Act free of charge at www.opsi.gov.uk...
942 _n0
999 _c107631
_d107631